00381 a2200121 4500003000500000005001700005040000900022082000800031245006900039260003200108650009600140651002300236Nust20170207165245.0 cNust a799 aLec by DD ISPR on Psychology of Terrorism, Photographs-2014cMCS aRawalpindibMCSc29-05-2014 aPictures of Lec by DD ISPR on Psychology of Terrorism, Photographs-2014 (CD-NO 24 Vol III)  aSweet Memories-MCS